000 00439nam a2200205Ia 4500
003 IT-RoPAU
008 120407s9999 xx 000 0 und d
040 _aIT-RoPAU
040 _cIT-RoPAU
041 _aita
100 _aGiacomo Alberione
245 _aSan Paolo. Generalizia. 1933-1936
250 _aRoma
260 _aCasa Generalizia SSP
260 _c1936
300 _c cm
490 _v1
942 _cBK
999 _c23590
_d23590